Responsabilidad civil en el derecho de familia (Registro nro. 2921)
[ vista simple ]
| 000 -CABECERA | |
|---|---|
| Longitud fija campo de control | 01280nam a2200265 a 4500 |
| 001 - NÚMERO DE CONTROL | |
| Número de control | 1899980 |
| 003 - IDENTIFICADOR DELl NÚMERO DE CONTROL | |
| Identificador del número de control | OSt |
| 005 - FECHA Y HORA DE LA ÚLTIMA TRANSACCIÓN | |
| Fecha y hora de la última transacción | 20140823213003.0 |
| 008 - CÓDIGOS DE INFORMACIÓN DE LONGITUD FIJA | |
| Códigos de información de longitud fija | 850930s1983 arg spa |
| 020 ## - NÚMERO INTERNACIONAL NORMALIZADO PARA LIBROS | |
| Número Internacional Normalizado para Libros (ISBN) | 950-9079-19-7 |
| 040 ## - FUENTE DE LA CATALOGACIÓN | |
| Centro catalogador de origen | DLC |
| Centro transcriptor | BMC |
| Centro modificado | DLC |
| 082 ## - NÚMERO DE LA CLASIFICACIÓN DECIMAL DEWEY | |
| Númeroo de clasificación | 346.01582 |
| 082 ## - NÚMERO DE LA CLASIFICACIÓN DECIMAL DEWEY | |
| Númeroo de clasificación | 346.0282 |
| 100 1# - PUNTO DE ACCESO PRINCIPAL-NOMBRE DE PERSONA | |
| 9 (RLIN) | 6817 |
| Nombre de persona | Belluscio, Augusto César |
| 245 10 - MENCIÓN DE TÍTULO | |
| Título | Responsabilidad civil en el derecho de familia |
| Mención de responsabilidad, etc. | Augusto César Belluscio, Eduardo A. Zannoni, Aída Kemelmajer de Carlucci |
| 260 ## - PUBLICACIÓN, DISTRIBUCIÓN, ETC. (PIE DE IMPRENTA) | |
| Lugar de publicación, distribución, etc. | Buenos Aires |
| Nombre del editor, distribuidor, etc. | Hammurabi |
| Fecha de publicación, distribución, etc. | 1983 |
| 300 ## - DESCRIPCIÓN FÍSICA | |
| Extensión | XVI, 191 p. |
| Dimensiones | 24 cm |
| 504 ## - NOTA DE BIBLIOGRAFÍA, ETC | |
| Nota de bibliografía, etc. | Referencias bibliográficas: p. [187]-191 |
| 505 0# - NOTA DE CONTENIDO CON FORMATO | |
| Nota de contenido con formato | Contiene: Daños y perjuicios derivados del divorcio y de la anulación del matrimonio / Augusto César Belluscio. La indemnización dineraria de daños en forma de renta y su aplicación en el derecho de familia ; Responsabilidad civil por ruptura de la promesa de matrimonio y del concubinato / Eduardo A. Zannoni. Responsabilidad civil de los padres por los daños causados por sus hijos menores / Aída Kemelmajer de Carlucci. |
| 650 24 - PUNTO DE ACCESO ADICIONAL DE MATERIA - TÉRMINO DE MATERIA | |
| Término de materia o nombre geográfico como elemento inicial | Derecho de familia |
| 9 (RLIN) | 6816 |
| Subdivisión geográfica | Argentina |
| 650 24 - PUNTO DE ACCESO ADICIONAL DE MATERIA - TÉRMINO DE MATERIA | |
| Término de materia o nombre geográfico como elemento inicial | Responsabilidad civil |
| 9 (RLIN) | 6815 |
| Subdivisión geográfica | Argentina |
| 700 1# - PUNTO DE ACCESO ADICIONAL - NOMBRE DE PERSONA | |
| Nombre de persona | Kemelmajer de Carlucci, Aída |
| 9 (RLIN) | 6819 |
| 700 1# - PUNTO DE ACCESO ADICIONAL - NOMBRE DE PERSONA | |
| 9 (RLIN) | 6818 |
| Nombre de persona | Zannoni, Eduardo A. |
| 942 ## - ENTRADA DE ELEMENTOS AGREGADOS (KOHA) | |
| Fuente de clasificaión o esquema | Dewey Decimal Classification |
| Koha [por defecto] tipo de item | 1- Monografias |
| Suprimido | Perdido | Fuente de clasificación o esquema | Estropeado | Restricciones de uso | No para préstamo | Código de colección | Localización permanente | Localización actual | Localización en estanter&íacute;as | Fecha adquisición | Fuente de adquisición | Número de inventario | Préstamos totales | Signatura completa | Código de barras | Fecha última consulta | Fecha último préstamo | Coste, precio reemplazado | Fecha del precio de reemplazo | Tipo de item de Koha |
|---|---|---|---|---|---|---|---|---|---|---|---|---|---|---|---|---|---|---|---|---|
| NULL | NULL | Dewey Decimal Classification | NULL | Prestable | NULL | NULL | Biblioteca Miguel de Cervantes - UNICAES | Biblioteca Miguel de Cervantes - UNICAES | Sala Principal | 07/05/2002 | Donación - Facultad de Ciencias y Humanidades | 004111 | 2 | 346.015 BEL res | 1004111 | 11/03/2019 | 11/03/2019 | 12.00 | 11/10/2013 | 1- Monografias |
| NULL | NULL | Dewey Decimal Classification | NULL | Prestable | NULL | NULL | Biblioteca Miguel de Cervantes - UNICAES | Biblioteca Miguel de Cervantes - UNICAES | Sala Principal | 12/12/2005 | Donación - Facultad de Ciencias y Humanidades | 004112 | 1 | 346.015 BEL res | 1004112 | 12/08/2019 | 12/08/2019 | 12.00 | 11/10/2013 | 1- Monografias |
| NULL | NULL | Dewey Decimal Classification | NULL | Prestable | NULL | NULL | Biblioteca Miguel de Cervantes - UNICAES | Biblioteca Miguel de Cervantes - UNICAES | Sala Principal | 12/12/2005 | Donación - Facultad de Ciencias y Humanidades | 004113 | 1 | 346.015 BEL res | 1004113 | 25/05/2016 | 24/05/2016 | 12.00 | 11/10/2013 | 1- Monografias |